Japan and its nature / (Registro nro. 35759)
[ vista simple ]
| 000 -CABECERA | |
|---|---|
| campo de control de longitud fija | 00574nam a2200157 a 4500 |
| 001 - NÚMERO DE CONTROL | |
| campo de control | 000036268 |
| 005 - FECHA Y HORA DE LA ÚLTIMA TRANSACCIÓN | |
| campo de control | 20200930075634.0 |
| 008 - DATOS DE LONGITUD FIJA--INFORMACIÓN GENERAL | |
| campo de control de longitud fija | 120112s1977 ja a 000 0 eng d |
| 040 ## - FUENTE DE LA CATALOGACIÓN | |
| Centro catalogador/agencia de origen | DO-SdBNP |
| 245 00 - MENCIÓN DE TÍTULO | |
| Título | Japan and its nature / |
| Mención de responsabilidad, etc. | edited by Masao Minato ; traslator for English edition Reiko Fusejima. |
| 260 ## - PUBLICACIÓN, DISTRIBUCIÓN, ETC. | |
| Lugar de publicación, distribución, etc. | Tokio : |
| Nombre del editor, distribuidor, etc. | Heibonsha : The Association for Geological Collaboration in Japan, |
| Fecha de publicación, distribución, etc. | 1977. |
| 300 ## - DESCRIPCIÓN FÍSICA | |
| Extensión | 220 p. : |
| Otras características físicas | il. ; |
| Dimensiones | 27 cm. |
| 651 #4 - PUNTO DE ACCESO ADICIONAL DE MATERIA--NOMBRE GEOGRÁFICO | |
| Nombre geográfico | Japón |
| Subdivisión general | Recursos Naturales |
| 9 (RLIN) | 62379 |
| 700 1# - PUNTO DE ACCESO ADICIONAL--NOMBRE DE PERSONA | |
| Nombre de persona | Minato, Masao, |
| Término indicativo de función/relación | ed. |
| 9 (RLIN) | 62380 |
| 700 1# - PUNTO DE ACCESO ADICIONAL--NOMBRE DE PERSONA | |
| Nombre de persona | Fusejima, Reiko, |
| Término indicativo de función/relación | trad. |
| 9 (RLIN) | 62381 |
| Estado de retiro | Estado de pérdida | Restricciones de uso | No para préstamo | Código de colección | Localización permanente | Ubicación/localización actual | Ubicación en estantería | Fecha de adquisición | Número de inventario | Total de préstamos | Signatura topográfica completa | Código de barras | Fecha visto por última vez | Precio válido a partir de | Tipo de ítem Koha |
|---|---|---|---|---|---|---|---|---|---|---|---|---|---|---|---|
| Excluido de préstamo | Monografías: Libros y Folletos | General | General | En catalogación | 12.01.2012 | LF1 | 36268-10 | 25.06.2020 | 25.06.2020 | No se presta |
